000 00856nam a2200253Ia 4500
003 OSt
005 20220923210950.0
006 a|||||r|||| 00| 0
007 ta
008 220922b |||||||| |||| 00| 0 hin d
020 _a8126016043 (pbk)
024 _a234,951
037 _cTextual
040 _aARTS
_cARTS
_bhin
041 _2hin
_ahin
082 _aO152,1NARx, 153P3
100 _aਅਰੁਣ ਕਮਲ; ਕੈ੍ਵਕੇ, ਅਮਰਜੀਤ, ੳਗ.
_9156631
245 0 _aਨਵੇ੍ਵ ਇਲਾਕੇ ਵਿਚ
260 _aਦਿੱਲੀ
_b ਸਾਹਿਤ ਅਕਾਦੇਮੀ
_c2003
300 _a84gZ
_ccm.
650 _aਹਿੰਦੀ ਸਾਹਿਤ
_9156632
942 _hO152,1NARx, 153P3
_cTEXL
_2CC
999 _c293256
_d293256